GLOSSARY of Geology
Saved in:
| Format: | Book |
|---|---|
| Language: | English |
| Published: |
American Geosciences Institute
2011.
|
| Tags: |
Add Tag
No Tags, Be the first to tag this record!
|
MARC
| LEADER | 00000nam a22000007a 4500 | ||
|---|---|---|---|
| 008 | 210427b ||||| |||| 00| 0 eng d | ||
| 020 | |a 978-0-922152-89-6 | ||
| 245 | |a GLOSSARY of Geology |c Klaus K. E. Neuendorf, James P. Mehl, Julia A. Jackson. |g xi:, 783p. | ||
| 250 | |b 5th ed |c Neuendorf, Klaus K. E, Mehl, James P, Jackson, Julia A. | ||
| 260 | |b American Geosciences Institute |c 2011. |h Alexandria, Virginia: |i 687416 |l QE5 .G51 |m Geology – Dictionaries | ||
| 942 | |a lcc |c BK |e Adekanye, I. H. |f 27/04/2021 | ||
| 952 | |0 0 |1 0 |2 lcc |4 0 |6 QE0005 G51 |7 0 |9 2336 |a HOL |b HOL |c QZ |d 2021-04-27 |l 0 |o QE5 .G51 |p 2021-6190 |r 2021-04-27 00:00:00 |w 2021-04-27 |y BK | ||
| 999 | |c 1205 |d 1205 | ||